000 01110nam a22002537a 4500
005 20170123164156.0
010 _aB-028919
020 _c100.00
_a8171162614
035 _aB-028919
037 _aCen Lib / Ret
040 _aDPL
_bPN
082 _a851.08
_bਪ੍ਰੀਤਮ
100 _aਗੁਰਮੁਖ ਸਿੰਘ
_9141170
245 _aਪ੍ਰੀਤਮ ਸਿੰਘ ਸਫ਼ੀਰ : ਕਾਿਵ-ਰਸ /
_cਗੁਰਮੁਖ ਸਿੰਘ
246 _aPritam Singh Safeer : kav-ras : a masterpiece of melodious poetry an appreciation /
_bby Gurmukh Singh
260 _aਦਿੱਲੀ
_bਨੈਸ਼ਨਲ ਬੁਕ ਸ਼ਾਪ
_c2000
270 _aਪਲੱਈਅਰ ਗਾਰਡਨ ਮਾਰਕਿਟ, ਚਾਂਦਨੀ ਚੌਕ
_bਦਿੱਲੀ
_e110006
300 _a96p.
_c19cm(Hb)
650 _aਪੰਜਾਬੀ ਸਾਹਿਤ-ਕਵਿਤਾਵਾਂ
_9780
650 _aਪੰਜਾਬੀ ਸਾਹਿਤ
_9141171
650 _aPunjabi Literature-Poems
_9782
650 _aPunjabi Literature
_9141172
942 _2ddc
_cPN
_h851.08
_mਪ੍ਰੀਤਮ
999 _c110680
_d110680